000
00337nam a2200133Ia 4500
008
240624s9999 xx 000 0 und d
041
_a
eng
082
_a
823 GID
100
_a
GIDWANI BHAGWAN S
245
_a
MARCH OF THE ARYANS
260
_c
2012
_a
New Delhi
_b
Penguin Books
300
_a
xviii, : 657 : p. : cm. ; 20
365
_c
RS
_b
25
999
_c
19951
_d
19951